| 000 | 00799nam a2200181 i 4500 | ||
|---|---|---|---|
| 001 | 184882 | ||
| 003 | ES-MaACL | ||
| 005 | 20230906222310.0 | ||
| 007 | t| | ||
| 008 | 160216s1881 sp ||||1| spa d | ||
| 080 | _a336.722(460.27 M.)(055.5) | ||
| 110 | 2 |
_aMonte de Piedad y Caja de Ahorros de Madrid. _95765 |
|
| 245 | 1 | 0 |
_aMemoria y cuenta general del Monte de Piedad y Caja de Ahorros de Madrid correspondientes al año de 1880 _b: adicionadas con algunas noticias sobre los demas Montes de Piedad y Cajas de Ahorros. |
| 260 |
_aMadrid : _b[s.n.], _c1881 ( _fImpr. de José de Rojas) |
||
| 300 |
_a118, [4] p. ; _c25 cm. |
||
| 610 | 2 |
_aMonte de Piedad y Caja de Ahorros de Madrid- _vMemorias. _9144680 |
|
| 852 |
_aES-MaACL _jT-387-F-18 _z.- Enc. en un vol. facticio, falto de la cub. original |
||
| 999 |
_c184882 _d184882 |
||